Movies Quiz

Random Movies or Clickable Quiz

Main Les Mis Characters By Description Quiz Stats

Quiz not verified by Sporcle

Also try: 57 'P' Movies
Challenge
Share
Tweet
Embed
Score 0/9 Timer 03:00
0 Plays Today
% Correct
Fantine
98.8%
Jean Valjean
98.1%
Javert
97.8%
Thenardiers
97.1%
Marius
97.1%
Eponine
96.2%
Cosette
93.5%
Enjolras
91.5%
Gavroche
88.3%

You're not logged in!

Compare scores with friends on all Sporcle quizzes.
Join for Free
OR
Log In

You Might Also Like...

Show Comments

Extras

Top Quizzes Today


Score Distribution

Your Account Isn't Verified!

In order to create a playlist on Sporcle, you need to verify the email address you used during registration. Go to your Sporcle Settings to finish the process.

Report this User

Report this user for behavior that violates our Community Guidelines.

Details: